000 005060000a22001810004500
003 MACL
005 20160301153428.0
008 160301b xxu||||| |||| 00| 0 eng d
040 _aMACL
_cMACL
041 _aHindi
082 _a891.431
100 _aनगेन्‍द्र
_941699
245 _aरीति - श्रृंगार
260 _bगौतम बुक डिपो
_aनई दिल्‍ली
350 _a1954
650 _aPoetry
_941700
942 _cHIN
_k891.431
_2ddc
999 _c24112
_d24112